Culture Générale - Série 762 - Statistiques

Statistiques générales
  • Ce quiz a été pris 174 fois
  • Le résultat moyen est 5 sur 10
Statistiques - réponses
Question Réponse % Correct
En France, quel mois de l'année, porte le même nom qu'une planète de notre système solaire ? mars
100%
Les traces laissées par les crêtes papillaires de la pulpe des doigts sont communément appelées : "les empreintes... digitales
95%
De quel quartier de Paris sont "Les P'tites Femmes" de Serge Lama ? Pigalle
84%
A quel poète doit-on le recueil en prose intitulé "Le Spleen de Paris", en 1869 ? Charles Baudelaire
69%
Comment nomme-t-on le geste de moquerie consistant à appuyer le pouce sur son nez en étendant les doigts ? pied de nez
49%
Quelle nuance de rouge désigne un type de lentille et un serpent très venimeux ? corail
40%
Complétez le titre du film réalisé en 1973 par François Truffaut , "La nuit ... américaine
28%
Dans le roman "Sans famille" d'Hector Malot, quel est le nom du vieil artiste des rues à qui Barberin vend le petit Rémi ? Vitalis
14%
Complétez le titre du film réalisé en 1966 par Robert Bresson, "Au hasard ... Balthazar
13%
Quel médecin né en 1882, spécialiste des maladies infantiles, a donné son nom à un grand hôpital de l'est parisien ? Robert Debré
3%
Aucun quiz correspondant
Distribution des résultats
% des personnes avec chaque résultat
Percentile par nombre de réponses
Votre historique - résultats
Vous n’avez pas pris ce quiz